|
|
แสดงรายละเอียดบรรณานุกรม |
|
|
Brief Record
: Get Marc (ISO 2709)
: E-mail record
: |
|
|
| LEADER 00000nama 2200000uu 4500 | |||
| 001 200234 | |||
| 003 ULIBM | |||
| 008 040531s|||| th m m a000 0 tha d | |||
| 020 9780323053228 | |||
| 041 eng | |||
| 050 WY 100.4 W672h 2005. | |||
| 100 Wilson, Susan Fickertt. | |||
| 245 Health assessment for nursing practice/ Susa Fickertt, Wilson and Jean Foret, Giddens. | |||
| 250 4 th ed. | |||
| 260 st. louis. Elsevier Mosby. 2005. | |||
| 300 646 p. | |||
| 600 1.Giddens, Jean Foret. | |||
| 650 1.Nursing Assessment. 2.Physical Diagnosis. | |||
| 995 001 | |||
| คุณยังไม่ได้ล็อกอิน คุณสามารถมีกิจกรรมร่วมกับเว็บไซต์ได้ แต่ต้องล็อกอินก่อน :: |
|
| สถานะ | |||||||||
| 1. | หนังสือทั่วไป | WY 100.4 W672h 2005. | On Shelf ขอยืม | ||||||
| [แสดง 1/1 รายการ] | |||||||||
BibComment |
| คอมเมนท์ทรัพยากรรายการนี้ |
|
|